000 00563nam a2200217Ia 4500
003 OSt
005 20220926045605.0
006 a|||||r|||| 00| 0
007 ta
008 220923b |||||||| |||| 00| 0 eng d
020 _a8171006631
037 _cGeneral Book
040 _aRTL
_cRTL
_beng
041 _2eng
_aeng
082 _aXM5:8.2.N94, N4/SC
100 _aSHARMA R A
245 0 _aStrategic management in Indian companies.
260 _c1969
942 _hXM5:8.2.N94, N4/SC
_cGB
_2CC
999 _c678003
_d678003